000 00857nam a2200277 i 4500
001 105736
003 ES-MaACL
007 t|
008 060814s1956 it ||||1| ita d
080 _a929 Serge, Victor
080 _a32(47)"1925/53"
080 _a94(47+57)"1922/36"
100 1 _aSerge, Victor.
_9105542
245 1 0 _aMemorie di un rivoluzionario dal 1901 al 1941 /
_cVictor Serge.
250 _a1ยช ed.
260 _aFirenze :
_bDe Silva,
_c1956.
300 _aXV, 583 p. ;
_c20 cm.
490 1 _aBiblioteca Leone Ginzburg ;
_v12
500 _aBiblioteca Juan Andrade.
600 1 4 _aSerge, Victor.
_9105542
651 4 _aURSS-
_xHistoria-
_y1925-1953.
_99472
651 4 _aURSS-
_xHistoria-
_y1922-1936.
_99471
830 0 _aBiblioteca Leone Ginzburg ;
_v12
_9232768
852 _aES-MaACL
_jAND-569
_bR.109868
999 _c105736
_d105736